000 01289nam a22003737a 4500
003 CHAP
005 20220817043725.0
008 001025d1968 enka r 00110 eng d
010 _a82725
011 _a83697
035 _a94212
040 _cCHAP
090 _aFolleto 15671
100 0 0 _aBickoff, E.M.
_912615
245 1 0 _aOestrogenic constituents of forage plants
_c/por E.M. Bickoff
260 _aBucks, England :
_bCommonwealth Agricultural Bureaux,
_c1968
300 _a39 p. :
_bilus.
410 2 1 _aCommonwealth Bureau of Pastures and Field Crops
490 0 _aReview series
_v; No. 1/1968
590 _aBATCH-UPD
_b10
_c20130110
_lUCH01
_h0619
590 _aBATCH-UPD
_b10
_c20130110
_lUCH01
_h2303
590 _aBATCH-UPD
_b10
_c20130410
_lUCH01
_h0301
590 _aBATCH-UPD
_b10
_c20130410
_lUCH01
_h1622
590 _aBATCH-UPD
_b10
_c20130914
_lUCH01
_h1019
590 _aCONVERSION
_b10
_c20130109
_lUCH01
_h1346
650 1 4 _aForrajes
_xInvestigación.
_942576
650 1 4 _aPlantas forrajeras
_xInvestigación.
_988968
810 2 1 _aCommonwealth Bureau of Pastures and Field Crops
830 0 _aReview series
_v; No. 1/1968
_996701
901 _aBK
905 _aMarco A. Mendoza T.
942 _cFOLL
949 _aFolleto 15671
_bBC
_cFOLL
_d942121
_eTS1
_i94212
_sb
_t$116.00
999 _c82725
_d82725